Szczegóły MARC21

Drogi, mosty, przeprawy, eustaria : realia i dysproporcje : interdyscyplinarne warsztaty międzynarodowe "ADMIRAŁ II" : materiały z sesji naukowej DPT PAN Świnoujście Polska, 21-23.04.2006, materiały z Sesji Naukowej Komisji PAN, WSG/IAU Bydgoszcz, 19.12.2006 /

003 -Nazwa inst., której nr kontr. jest w polu 001 [,]
    • @
    • Nazwa instytucji, której n kontrolny jest w polu 001
    • NUKAT
005 -DATA I CZAS OSTATNIEJ MODYFIKACJI [,]
    • @
    • pole kontrolne
    • 20241231094150.0
020 -Międzynarod. znormalizowany nr książki - ISBN [ , ]
    • a
    • Numer ISBN
    • 9788389333124 Find
    • q
    • Dopowiedzenie
    • Comprint
040 -Instytucja sporządzająca opis [ , ]
    • a
    • Instytucja, która sporządziła opis (NP)
    • KR U/RB
    • c
    • Instytucja, która sporządziła rekord (NP)
    • KR U/RB
    • d
    • Instytucja, która zmodyfikowała rekord (P)
    • KR U/MM
    • d
    • Instytucja, która zmodyfikowała rekord (P)
    • KR U/BMigs
942 -Rodzaj dokumentu [ , ]
    • c
    • Rodzaj dokumentu
    • Książka
111 -Hasło główne - nazwa imprezy [2, ]
    • a
    • Nazwa imprezy (NP)
    • Interdyscyplinarne Warsztaty Międzynarodowe Find
    • d
    • Data imprezy (NP)
    • (2006 ;
    • c
    • Miejsce imprezy (NP)
    • Świnoujście).
    • 9
    • KHW
    • 442395
245 -Strefa tytułu i oznaczenia odpowiedzialności [1,0]
    • a
    • Tytuł
    • Drogi, mosty, przeprawy, eustaria : Find
    • b
    • Ciąg dalszy tytułu (NP)
    • realia i dysproporcje : interdyscyplinarne warsztaty międzynarodowe "ADMIRAŁ II" : materiały z sesji naukowej DPT PAN Świnoujście Polska, 21-23.04.2006, materiały z Sesji Naukowej Komisji PAN, WSG/IAU Bydgoszcz, 19.12.2006 / Find
    • c
    • Pozostałe elementy strefy tytułu i oznaczenia odpowiedzialności (NP)
    • red. Lech Zimowski, Krzysztof Borowski ; Polska Akademia Nauk. Oddział w Poznaniu. Komisja Urbanistyki i Planowania Przestrzennego.
260 -Strefa adresu wydawniczego [ , ]
    • a
    • Miejsce wydania (P)
    • Konin :
    • b
    • Nazwa wydawcy (P)
    • Artservis ;
    • a
    • Miejsce wydania (P)
    • Poznań :
    • b
    • Nazwa wydawcy (P)
    • Agencja Reklamowa Comprint,
    • c
    • Data wydania (P)
    • 2007.
300 -Strefa opisu fizycznego [ , ]
    • a
    • Określenie formy książki i/lub objętość (NP)
    • 70, [2], [2] k. tabl. :
    • b
    • Oznaczenie ilustracji (NP)
    • il. ;
    • c
    • Format (NP)
    • 30 cm.
336 -Typ zawartości [ , ]
    • a
    • Termin opisujący typ zawartości
    • Tekst
    • b
    • Kod określający zawartość
    • txt
    • 2
    • Źródło (terminu i kodu)
    • rdacontent
337 -Typ mediów [ , ]
    • a
    • Tryb odtwarzania
    • Bez urządzenia pośredniczącego
    • b
    • Kod typu mediów
    • n
    • 2
    • Źródło (terminu i kodu)
    • rdamedia
338 -Typ/rodzaj nośnika [ , ]
    • a
    • Hasło opisujące typ nośnika
    • Wolumin
    • b
    • Kod typu nośnika
    • nc
    • 2
    • Źródło (terminu i kodu)
    • rdacarrier
504 -Uwaga dot. bibliogr. załącznikowej [ , ]
    • a
    • Uwaga dot. bibliografii załącznikowej
    • Bibliogr. przy ref.
080 -Uniwersalna Klasyfikacja Dziesiętna [ , ]
    • 2
    • Identyfikator wydania tablic
    • UDC-P022
    • a
    • Symbol klasyfikacji
    • 711
    • b
    • Dopowiedzenie
    • Planowanie przestrzenne. Planowanie regionalne. Planowanie miast i wsi.
    • x
    • Poddział wspólny
    • (438)
    • b
    • Dopowiedzenie
    • (Polska).
    • x
    • Poddział wspólny
    • (061)
    • b
    • Dopowiedzenie
    • (Wydawnictwa odnoszące się do konferencji, zjazdów itd.).
650 -Hasło przedmiotowe [ ,7]
    • a
    • Hasło przedmiotowe
    • Zagospodarowanie przestrzenne
    • z
    • Określnik geograficzny
    • Polska
    • v
    • Określnik formalny
    • konferencje.
    • 2
    • Źródło terminu
    • kaba
    • 9
    • KHW
    • 375723
650 -Hasło przedmiotowe [ ,7]
    • a
    • Hasło przedmiotowe
    • Transport śródlądowy
    • z
    • Określnik geograficzny
    • Polska
    • v
    • Określnik formalny
    • konferencje.
    • 2
    • Źródło terminu
    • kaba
    • 9
    • KHW
    • 442557
650 -Hasło przedmiotowe [ ,7]
    • a
    • Hasło przedmiotowe
    • Woda w architekturze krajobrazu
    • z
    • Określnik geograficzny
    • Polska
    • v
    • Określnik formalny
    • konferencje.
    • 2
    • Źródło terminu
    • kaba
    • 9
    • KHW
    • 442558
980 -Symbol UKD [ , ]
    • a
    • UKD
    • 711(438)(061)
700 -Hasło dodatkowe - nazwa osobowa [1, ]
    • a
    • Nazwa osobowa (NP)
    • Zimowski, Lech Find
    • d
    • Daty biograficzne (NP)
    • (1925-2018).
    • e
    • Określenie rodzaju współpracy
    • Red.
    • 9
    • KHW
    • 11803
700 -Hasło dodatkowe - nazwa osobowa [1, ]
    • a
    • Nazwa osobowa (NP)
    • Borowski, Krzysztof Find
    • d
    • Daty biograficzne (NP)
    • (1967- ).
    • e
    • Określenie rodzaju współpracy
    • Red.
    • 9
    • KHW
    • 442393
710 -Hasło dodatkowe - nazwa ciała zbiorowego [2, ]
    • a
    • Nazwa ciała zbiorowego lub nazwa geograficzna jako pierwszy element (NP)
    • Agencja Reklamowa COMPRINT.
    • 4
    • Kod relacji
    • pbl
    • 9
    • KHW
    • 645293
711 -Hasło dodatkowe - nazwa imprezy [2, ]
    • a
    • Nazwa imprezy (NP)
    • Sesja Naukowa Komisji PAN
    • d
    • Data imprezy (NP)
    • (2006 ;
    • c
    • Miejsce imprezy (NP)
    • Bydgoszcz).
    • 9
    • KHW
    • 442394
920 -ISBN [ , ]
    • a
    • ISBN
    • 978-83-89333-12-4 Find
    • q
    • Dopowiedzenie
    • Comprint
Sygnatura Numer inwentarzowy Status udost. Data inwentaryzacji Lokalizacja
T.9429T.9429-22007-05-09T